Political ideas in modern India : (Record no. 416)

000 -LEADER
fixed length control field 01277cam a22003374a 4500
001 - CONTROL NUMBER
control field 14166963
003 - CONTROL NUMBER IDENTIFIER
control field OSt
005 - DATE AND TIME OF LATEST TRANSACTION
control field 20140116120827.0
008 - FIXED-LENGTH DATA ELEMENTS--GENERAL INFORMATION
fixed length control field 051110s2006 cau b 001 0 eng
010 ## - LIBRARY OF CONGRESS CONTROL NUMBER
LC control number 2005032931
020 ## - INTERNATIONAL STANDARD BOOK NUMBER
International Standard Book Number 0761934200
035 ## - SYSTEM CONTROL NUMBER
System control number (DLC)2005032931
035 ## - SYSTEM CONTROL NUMBER
System control number (DLC)4611
040 ## - CATALOGING SOURCE
Original cataloging agency DLC
Transcribing agency DLC
Modifying agency DLC
042 ## - AUTHENTICATION CODE
Authentication code pcc
043 ## - GEOGRAPHIC AREA CODE
Geographic area code a-ii---
050 00 - LIBRARY OF CONGRESS CALL NUMBER
Classification number JA84.I4P65 2006
245 00 - TITLE STATEMENT
Title Political ideas in modern India :
Remainder of title thematic explorations /
Statement of responsibility, etc V. R. Mehta, Thomas Pantham editors
260 ## - PUBLICATION, DISTRIBUTION, ETC. (IMPRINT)
Place of publication, distribution, etc New Delhi :
Name of publisher, distributor, etc Sage Publications,
Date of publication, distribution, etc 2006.
300 ## - PHYSICAL DESCRIPTION
Extent lxi, 481 p.
440 #0 - SERIES STATEMENT/ADDED ENTRY--TITLE
Title History of science, philosophy, and culture in Indian civilization.
Number of part/section of a work Volume X,
Name of part/section of a work Towards independence ;
Volume number/sequential designation pt. 7
504 ## - BIBLIOGRAPHY, ETC. NOTE
Bibliography, etc Includes bibliographical references and index.
650 #0 - SUBJECT ADDED ENTRY--TOPICAL TERM
Topical term or geographic name as entry element Political science
Geographic subdivision India.
700 1# - ADDED ENTRY--PERSONAL NAME
Personal name Mehta, Vrajendra Raj
700 1# - ADDED ENTRY--PERSONAL NAME
Personal name Pantham, Thomas.
856 41 - ELECTRONIC LOCATION AND ACCESS
Materials specified Table of contents only
Uniform Resource Identifier <a href="http://www.loc.gov/catdir/toc/ecip063/2005032931.html">http://www.loc.gov/catdir/toc/ecip063/2005032931.html</a>
856 42 - ELECTRONIC LOCATION AND ACCESS
Materials specified Publisher description
Uniform Resource Identifier <a href="http://www.loc.gov/catdir/enhancements/fy0659/2005032931-d.html">http://www.loc.gov/catdir/enhancements/fy0659/2005032931-d.html</a>
906 ## - LOCAL DATA ELEMENT F, LDF (RLIN)
a 7
b cbc
c orignew
d 1
e ecip
f 20
g y-gencatlg
942 ## - ADDED ENTRY ELEMENTS (KOHA)
Source of classification or shelving scheme
Koha item type Book
Holdings
Withdrawn status Lost status Source of classification or shelving scheme Damaged status Not for loan Home library Current library Date acquired Source of acquisition Total Checkouts Full call number Barcode Date last seen Date checked out Copy number Price effective from Koha item type
          Riara University Library Riara University Library 19/10/2011 Purchase 2 JA84.I4P65 2006 2822/11 01/12/2025 28/10/2025 C.1 19/10/2011 Book
          Riara University Library Riara University Library 19/10/2011 Purchase   JA84.I4P65 2006 2821/11 19/10/2011   C.2 19/10/2011 Book
          Riara University Library Riara University Library 19/10/2011 Purchase   JA84.I4P65 2006 2820/11 19/10/2011   C.3 19/10/2011 Book

Riara University Library,
P.O. Box 49940-00100,
Nairobi, Kenya.